BIBLIOTECA PODER JUDICIAL
Portal Judicial TDF

La notificación personal de la sentencia condenatoria / (Registro nro. 5486)

000 -LEADER
fixed length control field 01145nab a22002297a 4500
003 - CONTROL NUMBER IDENTIFIER
control field OSt
005 - DATE AND TIME OF LATEST TRANSACTION
control field 20251205121412.0
008 - FIXED-LENGTH DATA ELEMENTS--GENERAL INFORMATION
fixed length control field 190502c xxu||||| |||| 00| 0 spa d
040 ## - CATALOGING SOURCE
Transcribing agency PJ
100 ## - MAIN ENTRY--PERSONAL NAME
Personal name Sandhagen, Alberto
9 (RLIN) 4831
245 13 - TITLE STATEMENT
Title La notificación personal de la sentencia condenatoria /
Statement of responsibility, etc Alberto Sandhagen.
260 ## - PUBLICATION, DISTRIBUTION, ETC. (IMPRINT)
Place of publication, distribution, etc Ciudad Autónoma de Buenos Aires :
Name of publisher, distributor, etc Thomson Reuters La Ley,
Date of publication, distribution, etc 2025.
300 ## - PHYSICAL DESCRIPTION
Extent p. 35-48
500 ## - GENERAL NOTE
General note Cita Online: AR/DOC/204/2025.
505 ## - FORMATTED CONTENTS NOTE
Formatted contents note Sumario: I. Objeto del trabajo.— II. Antecedentes en las instancias ordinarias.— III. Antecedentes en la instancia extraordinaria.— IV. Reflexiones sobre la notificación personal a la persona sometida a proceso.— V. Reflexiones finales.<br/><br/>
505 ## - FORMATTED CONTENTS NOTE
Title Fallo comentado: CS ~ 08/10/2024 ~ V., C. A. y otro s/ robo.
505 ## - FORMATTED CONTENTS NOTE
Title ¿Te interesa el texto completo? Solicitalo al correo: koha@justierradelfuego.gov.ar
650 #0 - SUBJECT ADDED ENTRY--TOPICAL TERM
9 (RLIN) 343
Topical term or geographic name as entry element DERECHO PENAL
650 #0 - SUBJECT ADDED ENTRY--TOPICAL TERM
9 (RLIN) 5741
Topical term or geographic name as entry element SENTENCIA CONDENATORIA
773 0# - HOST ITEM ENTRY
Host Biblionumber 2729
Host Itemnumber 3180
Place, publisher, and date of publication Buenos Aires : LexisNexis, 2006-
Title Revista de derecho penal y procesal penal. Nº 4 - Abril 2025
International Standard Book Number 9875920622
942 ## - ADDED ENTRY ELEMENTS (KOHA)
Source of classification or shelving scheme
Koha item type Analítica Artículo de Revista

No hay ítems disponibles.

12 de Octubre 789 Ushuaia - Tel:  54(02901)441571
Horario de Atención: 8.00 a 17.00 hs. 
bibliotecaush@justierradelfuego.gov.ar
koha@justierradelfuego.gov.ar
Seguinos en nuestras redes @bibliojustdf 

Con tecnología Koha